| 000 | 01846nam0a22003731 4500 | ||
|---|---|---|---|
| 001 | rc\1950491 | ||
| 005 | 20260406162644.0 | ||
| 035 | _a(NLR Aleph) 005286524 | ||
| 090 |
_a6149198 _c6149199 |
||
| 100 | _a20080428d1913 |||y0rusy50 ca | ||
| 101 | 0 | _arus | |
| 102 | _aRU | ||
| 105 | _aa z |||g| | ||
| 135 | _acrcn 024apada | ||
| 200 | 1 |
_aБух лесинный _fА. Крученых, В. Хлебников _g[обл. и 2 рис. О. Розановой _gпортр. А. Крученых - рис. Н. Кульбина _gзаставки и концовки - А. Крученых] |
|
| 210 |
_aС.-Петербург _c"Еуы" _d[1913] |
||
| 215 |
_a[23] с. in recto, [1] с. in verso _cил. _d16 |
||
| 309 | _aНа цв. бумаге | ||
| 325 | _aКопия доступна в Электрон. б-ке РНБ http://vivaldi.nlr.ru/bx000070424/view | ||
| 700 | 1 |
_4070 _4440 _8rus _7ca _aКрученых _bА. Е. _f1886-1968 _gАлексей Елисеевич _3RU\NLR\AUTH\7784726 _967654 |
|
| 701 | 1 |
_8rus _7ca _aХлебников _bВ. _f1885-1922 _gВелимир _3RU\NLR\AUTH\779596 _9119416 |
|
| 702 | 1 |
_aРозанова _bО. В. _f1886-1918 _gОльга Владимировна _4440 |
|
| 702 | 1 |
_4440 _8rus _7ca _aКульбин _bН. И. _gНиколай Иванович _f1868-1917 _3RU\NLR\AUTH\7771140 _954068 |
|
| 801 | 0 |
_aRU _bNLR _c20080428 _gpsbo |
|
| 801 | 0 |
_aRU _bRuMoRGB _c20080428 _2psbo |
|
| 801 | 1 |
_aRU _bProSoft-M _c20080428 _2rusmarc |
|
| 801 | 2 |
_aRU _bNLR _c20130404 _2rusmarc |
|
| 852 |
_aNLR _j43.16.9.432 |
||
| 901 | _eКнижные издания | ||
| 942 | _cBOOK | ||
| 980 | _aNB | ||
| 981 | 3 | 9 | _a(39) Русский авангард |
| 981 | 3 | 3 |
_a(33) Художественная литература _b(33) Отечественная литература |